Hygiena Alimentorum 21 hygiena a technológia hydiny, vajec, rýb a zveriny : zborník prednášok a posterov, 1.-3. júna 2000 High Tatras

Bibliographic Details
Corporate Author: Hygiena alimentorum Štrbské Pleso, Slovensko (Author)
Other Authors: Bystrický, Pavel (Compiler), Nagy, Jozef, 1961- (Compiler)
Format: Conference Proceeding Book
Language:Slovak
PhysicalDescription:285 s. sch., tab. 21 cm
Published: [Bratislava] Štátna veterinárna správa SR 2000
ISBN:807148041X
Subjects:

MARC

LEADER 00000cam a2200000 a 4500
001 vtls001394179
003 SK-MaSNL
005 20260302034703.0
008 250414s2000 xo ad fr 10000 slo
015 |a SNBA2000/12-04459 
020 |a 807148041X 
035 |a SNK000348503 
035 |a urn:nbn:sk:snk-amjsiq 
035 |a urn:nbn:sk:snk:ar-a0bc4j 
035 |a ace523d6-2be5-4b85-b84f-cd17ca658746 
040 |a SNK  |b slo  |c SNK  |e AACR2 
041 0 |a slo 
044 |a xo  |c SK 
080 |a 619:637(082)=00  |2 1981 
080 |a 637(082)=00  |2 1981 
111 2 |a Hygiena alimentorum  |n (21. :  |d 2000 :  |c Štrbské Pleso, Slovensko)  |4 aut  |9 119612 
245 0 0 |a Hygiena Alimentorum 21  |b hygiena a technológia hydiny, vajec, rýb a zveriny : zborník prednášok a posterov, 1.-3. júna 2000 High Tatras  |c [zostavil: Pavel Bystrický, Jozef Nagy] 
260 |a [Bratislava]  |b Štátna veterinárna správa SR  |c 2000 
300 |a 285 s.  |b sch., tab.  |c 21 cm 
500 |a Čiast. text angl. čes. a poľ. 
500 |a Údaj o prekl. prevzatý z rubu tit. strany 
500 |a 300 výt. 
504 |a Bibliogr. odkazy. Zoz. aut. Res. angl. 
650 0 7 |a hygiena potravín  |2 SNKPH  |9 2487 
655 7 |a zborníky konferencií  |2 SNKPH  |9 70153 
655 7 |a issue_zb  |2 SNK  |9 276493 
700 1 |a Bystrický, Pavel  |4 com  |9 13980 
700 1 |a Nagy, Jozef,  |d 1961-  |4 com 
852 |a Slovenská národná knižnica 
919 |a 80-7148-041-X 
954 |a odborná, vedecká literatúra pôvodná (slovenská)  |2 lita 
954 |a odborná, vedecká literatúra cudzojazyčná (svetová)  |2 lita 
958 |a EUIPO 
958 |a OND 
958 |a ART 
958 |a VM 
958 |a TL 
958 |a NB 
999 |c 1067407  |d 1069337 
952 |t P60, <09>, [BOOK], {629}  |a SNK  |b SNK  |y NEVYP  |7 0  |o snkC 453  |i snk882/20000811  |0 0  |1 0  |4 0  |d 2000-08-10  |l 0  |r 2005-01-02 00:00:00  |w 2026-02-24 
952 |t P60, <03>, [BOOK], {603}  |a SNK  |b SNK  |y PREZ  |7 0  |p 17A0247714  |o snkSC 99654/21  |i snkKSP 8249/2000  |0 0  |1 0  |4 0  |d 2000-08-10  |l 0  |r 2025-09-19 00:00:00  |w 2026-02-24 
952 |t P60, <04>, [BOOK], {604}  |a SNK  |b SNK  |y VYP  |7 0  |p 17A0247715  |o snkSC 99654/21 D1  |i snkKSP 8250/2000  |0 0  |1 0  |4 0  |d 2000-08-10  |l 0  |r 2005-01-02 00:00:00  |w 2026-02-24